000 00889 a2200217 4500
003 NUST
005 20221207153528.0
010 _a 78314992
020 _a0370300629
040 _cNust
082 0 0 _a297,EAT
100 1 _aEaton, Gai,
_928517
245 1 0 _aKing of the castle :
_bchoice and responsibility in the modern world /
_cGai Eaton.
260 _aLahore
_bSuhail Academy
_c1999
300 _a219 p. :
_c23 cm.
505 _aIntroduction (Page-7), Unreal Cities (Page-23), The Cost Of Wealth (Page-43), Liberty And Obedience (Page-62), Man In Society (Page-88), Man As Viceroy (Page-114), Knowledge And Its Counterfeits (Page-142), The Only Heritage We Have (Page-165), What We Are And Where We Are (Page-184).
650 0 _aCivilization
_xPhilosophy.
_997599
650 0 _aPhilosophy and religion.
_95586
650 0 _aReligion
_xPhilosophy.
_96168
942 _2ddc
_cBK
_k297,EAT
999 _c193648
_d193648